| 000 | 01087nam a2200289 i 4500 | ||
|---|---|---|---|
| 001 | 53843 | ||
| 003 | ES-MaACL | ||
| 005 | 20250830225115.0 | ||
| 007 | t| | ||
| 008 | 031114s2002 sp ||||0| spa d | ||
| 020 | _a84-7476-336-3 | ||
| 080 | _a338.47.02(460)"18/20":654 | ||
| 080 | _a338.47.02(73)"18/20":654 | ||
| 100 | 1 |
_aGil García, Olga. _956821 |
|
| 245 | 1 | 0 |
_aTelecomunicaciones y política en Estados Unidos y España (1875-2002) _b: construyendo mercados / _cOlga Gil. |
| 250 | _a1ª ed. | ||
| 260 |
_aMadrid : _bCentro de Investigaciones Sociológicas : _bSiglo XXI de España, _c2002. |
||
| 300 |
_aXLIX, 301 p ; _c21 cm. |
||
| 490 | 1 |
_aMonografías ; _v191 |
|
| 504 | _aBibliografía: p. [241]-296. | ||
| 651 | 7 |
_aEspaña- _xPolítica de telecomunicaciones _2 _9172785 |
|
| 651 | 7 |
_aEstados Unidos- _xPolítica de telecomunicaciones _2 _9172786 |
|
| 710 | 2 |
_aCentro de Investigaciones Sociológicas (España) _92708 |
|
| 830 | 1 | 0 |
_aMonografías (Centro de Estudios Benaventanos "Ledo del Pozo") _v191 _9177262 |
| 852 |
_aES-MaACL _jL-26638 |
||
| 999 |
_c53843 _d53843 |
||